书目信息 |
| 题名: |
应用生物技术进展
|
|
| 作者: | 钟建江 编著 | |
| 分册: | ||
| 出版信息: | 上海 华东理工大学出版社 2000.12 |
|
| 页数: | 235页 | |
| 开本: | 26cm | |
| 丛书名: | ||
| 单 册: | ||
| 中图分类: | Q-53 | |
| 科图分类: | ||
| 主题词: | 生物技术--sheng wu ji shu--进展--英文 | |
| 电子资源: | ||
| ISBN: | 7-5628-1121-0 | |
| 000 | 00833nam0 2200229 450 | |
| 001 | 012006079312 | |
| 005 | 20061219145052.06 | |
| 010 | @a7-5628-1121-0@dCNY40.00 | |
| 100 | @a20061123d2000 km y0chiy0120 ea | |
| 101 | 0 | @aeng |
| 102 | @aCN@b310000 | |
| 105 | @aa z 000yy | |
| 200 | 1 | @a应用生物技术进展@Aying yong sheng wu ji shu jin zhan@f钟建江编著@Fzhong jian jiang bian zhu |
| 210 | @a上海@c华东理工大学出版社@d2000.12 | |
| 215 | @a235页@c图@d26cm | |
| 330 | @a本书覆盖了当今应用生物工程学科的令人感兴趣的领域,包括代谢工程、组织工程、动植物细胞培养、生物反应器工程、生物分离以及环境生物技术。 | |
| 510 | 1 | @aAdvances in Applied Biotechnology@zeng |
| 606 | 0 | @a生物技术@Asheng wu ji shu@x进展@x英文 |
| 690 | @aQ-53@v4 | |
| 701 | 0 | @a钟建江@Azhong jian jiang@4编著 |
| 801 | 0 | @aCN@c20061219 |
| 905 | @a10447@dQ-53@eZ728 | |
| 应用生物技术进展/钟建江编著.-上海:华东理工大学出版社,2000.12 |
| 235页:图;26cm |
| ISBN 7-5628-1121-0:CNY40.00 |
| 本书覆盖了当今应用生物工程学科的令人感兴趣的领域,包括代谢工程、组织工程、动植物细胞培养、生物反应器工程、生物分离以及环境生物技术。 |
| ● |
| 相关链接 |
|
|
|
正题名:应用生物技术进展
索取号:Q-53/Z728
 
预约/预借
| 序号 | 登录号 | 条形码 | 馆藏地/架位号 | 状态 | 备注 |
| 1 | 228986 | 202289861 | 自科库401/401自科库 24排2列2层/ [索取号:Q-53/Z728] | 在馆 | |
| 2 | 228987 | 202289870 | 自科库401/401自科库 24排2列2层/ [索取号:Q-53/Z728] | 在馆 | |
| 3 | 228988 | 202289889 | 自科库401/401自科库 24排2列2层/ [索取号:Q-53/Z728] | 在馆 |